| 000 | 01415cam a22003614i 4500 | ||
|---|---|---|---|
| 999 |
_c64402 _d64402 |
||
| 001 | 12306291 | ||
| 003 | CO-MdFUSB | ||
| 005 | 20180817105344.0 | ||
| 008 | 010209t2001 paua g b 001 0 eng | ||
| 010 | _a 2001027250 | ||
| 020 | _a1563383608 (alk. paper) | ||
| 040 |
_aDLC _cCO-MdFUSB _dCO-MdFUSB _bspa _erda |
||
| 041 | _aeng | ||
| 042 | _apcc | ||
| 082 | 0 | 0 |
_224 _aG 261.55 _bC692c |
| 100 | 1 |
_aColeman, Richard J. _eautor |
|
| 245 | 1 | 0 |
_aCompeting truths _b: theology and science as sibling rivals _c/ Richard J. Coleman. |
| 264 | 1 |
_aHarrisburg, PA : _bTrinity Press International, _c℗2001 |
|
| 264 | 4 | _c©2001 | |
| 300 |
_axii, 322 páginas : _bilustraciones ; _c23 cm. |
||
| 336 |
_2rdacontent _atexto _btxt |
||
| 337 |
_2rdamedia _asin mediación _bn |
||
| 338 |
_2rdacarrier _avolumen _bnc |
||
| 501 | _aIncluye índice (páginas 319- 322) | ||
| 504 | _aBibliografía (páginas 303-317) | ||
| 505 | _aParte I: Los rivales que alguna vez fueron -- Parte II: El paisaje filosófico y teológico -- Parte III: Trabajando hacia una verdad narrativa del universo | ||
| 650 | 7 |
_aReligión y ciencia _9259 |
|
| 906 |
_a7 _bcbc _corignew _d1 _eocip _f20 _gy-gencatlg |
||
| 942 | _cBK | ||